عرض عادي
عرض مارك
- السلوك الإداري
مدخل مصطلح موضوعي
001 - رقم الضبط
- حقل الضبط: 59750
003 - معرف رقم الضبط
- حقل الضبط: OSt
005 - تاريخ ووقت أخر عملية
- حقل الضبط: 20170921150204.0
008 - عناصر بيانات ثابتة الطول
- حقل تحكم ثابت الطول: 170921|| aca||aabn | a|a d
040 ## - مصدر الفهرسة
- هيئة الفهرسة الأصلية: OSt
- وكالة الكتابة: OSt
150 ## - مدخل-- مصطلح تاريخي
- عنصر مدخل المصطلح الموضوعي او الاسم الجغرافي: السلوك الإداري
670 ## - بيانات المصدر موجوده
- الاستشهاد بالمصدر: Work cat.: (OSt): 53479 المغربي، محمد الفاتح محمود بشير., مدخل السلوك التنظيمي في منظمات الأعمال /, 2017.
